[Event "Bochum-ch"]
[Site "Bochum"]
[Date "1996.??.??"]
[Round "?"]
[White "Hinz, Peter"]
[Black "Poschmann, Gerd"]
[Result "0-1"]
[WhiteElo "1620"]
[BlackElo "1795"]
[PlyCount "68"]
[EventDate "1996.10.??"]
[EventType "swiss"]
[EventRounds "9"]
[EventCountry "GER"]
[SourceTitle "EXT 2006"]
[Source "ChessBase"]
[SourceDate "2005.11.24"]
[SourceVersion "1"]
[SourceVersionDate "2005.11.24"]
[SourceQuality "1"]

1. d4 Nf6 2. Nc3 g6 3. e4 d6 4. f4 Bg7 5. Nf3 0-0 6. Bd3 c5 7. dxc5 dxc5 8. 0-0 Nc6 9. Be3 Nd4 10. Bxd4 cxd4 11. Ne2 Ng4 12. Qd2 Ne3 13. Rf2 Qb6 14. Rb1 Be6 15. b3 Rac8 16. e5 Rfd8 17. Nexd4 Ng4 18. Nxe6 Nxf2 19. Qxf2 Qxe6 20. Qxa7 Ra8 21. Qxb7 Rxa2 22. Qe4 Qb6+ 23. Kf1 Bh6 24. g4 Qe6 25. f5 Qd5 26. Qe2 Bf4 27. Bc4 Qc6 28. e6 f6 29. Rd1 Rxd1+ 30. Qxd1 Ra1 31. Qxa1 Qxf3+ 32. Ke1 Be3 33. Qc3 Bf2+ 34. Kd2 Be1+ 0-1